FORTH LION (Record no. 1715002)

MARC details
000 -LEADER
fixed length control field 00398nam a22001577a 4500
003 - CONTROL NUMBER IDENTIFIER
control field OSt
005 - DATE AND TIME OF LATEST TRANSACTION
control field 20260309170409.0
008 - FIXED-LENGTH DATA ELEMENTS--GENERAL INFORMATION
fixed length control field 260309b |||||||| |||| 00| 0 eng d
040 ## - CATALOGING SOURCE
Transcribing agency FLL
041 ## - LANGUAGE CODE
Language code of text/sound track or separate title ENG
Language code of sung or spoken text ENG
100 ## - MAIN ENTRY--PERSONAL NAME
Personal name SRINATH,RAGHAVAN
9 (RLIN) 1131439
245 ## - TITLE STATEMENT
Title FORTH LION
Remainder of title ESSAYS FOR GOPALAKRISHNAN
260 ## - PUBLICATION, DISTRIBUTION, ETC.
Place of publication, distribution, etc. NEW DELHI
Name of publisher, distributor, etc. RUPA PUBLICATION
Date of publication, distribution, etc. 2021
300 ## - PHYSICAL DESCRIPTION
Extent 282
942 ## - ADDED ENTRY ELEMENTS (KOHA)
Source of classification or shelving scheme Colon Classification (CC)
Koha item type Textbook
Suppress in OPAC No
Holdings
Withdrawn status Lost status Source of classification or shelving scheme Damaged status Not for loan Home library Current library Date acquired Source of acquisition Cost, normal purchase price Inventory number Total Checkouts Full call number Barcode Date last seen Price effective from Koha item type
    Colon Classification (CC)     Law Centre-I Library Law Centre-I Library 2026-01-17 SEGMENT 699.00 71323/20/01/2026   Z(v2wGN45) R1 LO1646192 2026-03-09 2026-03-09 Textbook
    Colon Classification (CC)     Law Centre-I Library Law Centre-I Library 2026-01-17 SEGMENT 699.00 71323/20/01/2026   Z(v2wGN45) R1 LO1646193 2026-03-09 2026-03-09 Textbook
Copyright @ Delhi University Library System